Premier League Greats: Thierry Henry - Statistics

General Stats
  • This quiz has been taken 16 times
  • The average score is 3 of 15
Answer Stats
Answer % Correct
Arsenal
100%
14
29%
20
21%
26
21%
Arsenal (loan)
21%
Arsene Wenger
21%
Leeds United
21%
Manchester United
21%
Nicolas Anelka
21%
175
14%
Lionel Messi
14%
£11 million
7%
2001/02, 2002/03
7%
2001/02, 2003/04
7%
8th
7%
No matching quizzes found
Score Distribution
Percent of People with Each Score
Percentile by Number Answered
Your Score History
You have not taken this quiz